Представление документа в формате MARC21

Поле Инд. ПП Название Значение
Тип записи a
Библиографический уровень m
001 Контрольный номер bd50e774b9254474a056dcb06f1f3e90
005 Дата корректировки 20250523144641.4
084 a Индекс другой классификации/Индекс ББК 88
091 i Возрастная адресация (DOS) 16+
097 b Оператор Кондратьева; Чирова; Сологуб
245 10 a Заглавие PSYCHOLOGIES / Психолоджис
n Номер части/ раздела 83
260 c Дата издания 2025
500 a Примечание март-апрель
900 a Имя макрообъекта 0000003851651
901 t Тип документа s